Multivariate Approximation Theory IV : Proceedings of the Conference at the Mathematical Research Institute at Oberwolfach, Black Forest, February 12-18, 1989 /

Bibliographic Details
Main Author: Chui, C. K.
Corporate Author: SpringerLink (Online service)
Other Authors: Schempp, W., Zeller, K.
Format: eBook
Language:English
Published: Basel : Birkhäuser Basel, 1989.
Series:International Series of Numerical Mathematics / Internationale Schriftenreihe zur Numerischen Mathematik / Série internationale d'Analyse numérique ; 90.
Subjects:
Online Access:Connect to the full text of this electronic book

MARC

Tag First Indicator Second Indicator Subfields
LEADER 00000cam a2200000Mi 4500
001 in00003576021
006 m o d
007 cr nn|008mamaa
008 120312s1989 sz o 000 0 eng
005 20260421163802.0
020 |a 9783034872980 (electronic bk.) 
020 |a 3034872984 (electronic bk.) 
024 7 |a 10.1007/978-3-0348-7298-0  |2 doi 
035 |a (OCoLC)858920013 
040 |a Nz  |b eng  |c UV0  |d GW5XE  |d UtOrBLW 
049 |a TXAM 
050 4 |a Q1-390 
072 7 |a YQS  |2 bicssc 
072 7 |a SCI000000  |2 bisacsh 
082 0 4 |a 510 
100 1 |a Chui, C. K. 
245 1 0 |a Multivariate Approximation Theory IV :  |b Proceedings of the Conference at the Mathematical Research Institute at Oberwolfach, Black Forest, February 12-18, 1989 /  |c by C. K. Chui, W. Schempp, K. Zeller. 
264 1 |a Basel :  |b Birkhäuser Basel,  |c 1989. 
300 |a 1 online resource. 
336 |a text  |b txt  |2 rdacontent 
337 |a computer  |b c  |2 rdamedia 
338 |a online resource  |b cr  |2 rdacarrier 
490 0 |a International Series of Numerical Mathematics / Internationale Schriftenreihe zur Numerischen Mathematik / Série internationale d'Analyse numérique ;  |v 90 
500 |a Electronic resource. 
650 0 |a Science (General) 
655 7 |a Electronic books.  |2 local 
700 1 |a Schempp, W. 
700 1 |a Zeller, K. 
710 2 |a SpringerLink (Online service) 
776 1 8 |i Print version:  |z 9783034873000 
830 0 |a International Series of Numerical Mathematics / Internationale Schriftenreihe zur Numerischen Mathematik / Série internationale d'Analyse numérique ;  |v 90. 
856 4 0 |u http://proxy.library.tamu.edu/login?url=https://link.springer.com/10.1007/978-3-0348-7298-0  |z Connect to the full text of this electronic book  |t 0 
994 |a 92  |b TXA 
999 |a MARS 
999 f f |s 402cc9bd-6d24-3115-bdee-db92ee9845f7  |i 63f28c0b-349a-3ce8-a3f7-c66889a370f2  |t 0 
952 f f |a Texas A&M University  |b College Station  |c Electronic Resources  |s www_evans  |d Available Online  |t 0  |e Q1-390  |h Library of Congress classification 
998 f f |a Q1-390  |t 0  |l Available Online